000 00360nam a2200157Ia 4500
008 210716s1995 xx 000 0 und d
020 _a084768069X
041 _aeng
082 _a174.4 LIPR
100 _aLippke, Richard L.
245 _aRedical business ethics.
250 _a1
260 _aUSA
_c1995
300 _aix, 203
650 _aBusiness Ethics
999 _c206343
_d206343